| 000 | 02626ncm0a2200469 4500 | ||
|---|---|---|---|
| 001 | RU\NLR\ONIZ\226744 | ||
| 005 | 20250626175753.0 | ||
| 010 | _a978-5-8156-0985-3 | ||
| 021 |
_aRU _b18-000561 _918-42н |
||
| 035 | _aRU\NLR\ONIZ\natafirs\5000003090\20190729145421 | ||
| 035 | _a(NLR Aleph) 012067159 | ||
| 090 |
_a11735957 _c11735957 |
||
| 100 | _a20190729d2018 |||y0rusy50 ca | ||
| 101 | 0 | _arus | |
| 102 | _aRU | ||
| 125 | _aay | ||
| 128 | _accn | ||
| 145 | 0 | _ac | |
| 200 | 1 |
_aНина Кошелева. Поём вместе _bНоты _dМоратама марса - Моратано вейсэ _e[для пения с фп.] _eучеб. пособие _zmol _fО. Ф. Асатрян |
|
| 210 |
_aСаранск _cФГБОУ ВО "Мордовский государственный педагогический институт им. М. Е. Евсевьева" _d2018 |
||
| 215 |
_a156 с. _cил. _d30 см |
||
| 300 | _aПредисл.: с. 3-20. | ||
| 300 | _aБиблиогр.: с. 22-23 | ||
| 313 | _aСистематизация документа проведена по изданию - Методика классифицирования музыкальных произведений (нотных изданий) по таблицам Библиотечно-библиографических классификаций : метод. рекомендации / Гос. б-ка СССР им. В.И. Ленина.- М., 1977. Индексу ББК методических рекомендаций присваивается код ББК для научных библиотек - LBC/SL | ||
| 606 | 1 |
_aПесни для детей мордовских композиторов _jНоты _2nlr_sh |
|
| 606 | 1 |
_aУчебные пособия по хоровому пению _yМордовия _z20-21 вв. _jНоты _2nlr_sh |
|
| 686 |
_aЩ984.0(2Р=Морд)я44 _vLBC/SL _2rubbk |
||
| 686 |
_aЩ941.9(2Р=Морд) _vLBC/SL _2rubbk |
||
| 686 |
_aЩ984.22я44(2Р=Морд) _vLBC/SL _2rubbk |
||
| 700 | 1 |
_9z05790 _aАсатрян _bО. Ф. _gОльга Фёдоровна _4070 _7ca |
|
| 702 | 1 |
_9z06790 _aКошелева _bН. В. _gНина Васильевна _4230 _7ca |
|
| 790 | 1 |
_9z05700 _aAsatrjan _bO. _gOl`ga _4070 _7ba |
|
| 790 | 1 |
_9z06702 _aKošeleva _bN. V. _gNina Vasiljevna _4230 _7ba |
|
| 801 | 0 |
_aRU _bNLR _c20190729 _gPSBO |
|
| 801 | 1 |
_aRU _bNLR _c20190729 _2rusmarc |
|
| 801 | 2 |
_aRU _bNLR _c20200304 |
|
| 852 |
_aNLR _bМ _j3/11991 _pМОЭ 2018-НО-П-42/561 _t1 |
||
| 852 |
_aNLR _bМ _j3/11991а _pМОЭ 2018-НО-П-42/561а _t2 |
||
| 942 | _cSCORE | ||
| 980 | _aNB | ||
| 980 | _aONIZ | ||